| 000 | 01325nam a2200241Ia 4500 | ||
|---|---|---|---|
| 999 |
_c40082 _d40082 |
||
| 001 | 6688 | ||
| 003 | GE_BSU | ||
| 005 | 20190502145115.0 | ||
| 008 | 181216s1981||||ge |||||||||||||| ||geo|| | ||
| 040 | _cGE_BSU | ||
| 041 | _ageo | ||
| 080 | _a624.014.2 + 624.012.4 მ-50 | ||
| 245 |
_aმეთოდური მითითებანი ფოლადის და ფოლადრკინაბეტონის მალის ნაშენების კონსტრუირებისათვის / _cშემდგ. : ი.ბიუსი, ნ.თეთრუაშვილი ; რედ. ე.გიორგაძე. |
||
| 264 |
_aთბილისი : _bსპი, _c1981. |
||
| 300 |
_a64 გვ. ; _c20 სმ. |
||
| 504 | _aბიბლიოგრ. : გვ.62. | ||
| 653 | _aფოლადის და ფოლადრკინაბეტონის მალის ნაშენების კონსტრუირება | ||
| 653 | _aფოლადის კონსტრუქციები | ||
| 700 |
_aბიუსი, ი. _eშემდგენელი _9471 |
||
| 700 |
_aთეთრუაშვილი, ნ. _eშემდგენელი _9653 |
||
| 700 |
_aგიორგაძე, ე. _eრედაქტორი _9398 |
||
| 942 |
_cBK _2udc |
||